00968naa#a2200169#i#4500001001500000005001700015011001400032100004100046102000700087200028300094210023600377215001000613608004500623700005200668700005400720856002400774RU\\bibl\7370020260512143113.2##a2312-7937##a20231229b2023####ek#y0rusy0150####ca##aRU1#aСИСТЕМНЫЙ ПОДХОД К ПОИСКУ И РЕГУЛИРОВАНИЮ МЕШ-СЕТЕЙ В ЦЕЛЯХ ОХРАНЫ ОБЩЕСТВЕННОГО ПОРЯДКА И ОБЕСПЕЧЕНИЯ ОБЩЕСТВЕННОЙ БЕЗОПАСНОСТИeЖурнальная статья1#aДомодедовоcВсероссийский институт повышения квалификации сотрудников Министерства внутренних дел Российской Федерацииd2023##a6 с.##aЖурнальная статья2local#1aЛекарьgЛюдмила Антоновна#1aКубасовgИгорь Анатольевич4#avipkmvd.editorum.ru